000 00403nam a2200145Ia 4500
008 100122s9999 xx 000 0 und d
082 _b61200
_a824
100 _aदवणे प्रवीण
245 _aरूप अरूप
260 _bमंजुल प्रकाशन
_c2001
300 _a183
630 _aरूप अरूप
730 _aरूप अरूप
942 _cBOOK
999 _c436074
_d436071